00563nam a22001817a 450000500170000001000140001702000260003103500130005703700130007008200120008310000310009524500620012626000390018827000530022730000330028050000500031365000180036320100803110446.0 aENG-97833 a9788189781989c125.00 aEN-81366 bDBAD/PUB a514.325 aMukherjee, Manabendra Nath aElements of metric spaces /cby Manabendra Nath Mukherjee aKolkatabAcademic Publishersc2010 a5A, Bhawani Dutta Lane, KolkatabKolkatae700073 axii,204p.:bill.c23cm (pbk) aIncludes bibliographical references and index aMetric Spaces